Loading...
| Literature - Long Fiction | 0 | 6 | 1 | 1 | 55 | 82 | 115.00 | 0 | 2 | 12.55 | 25.00 |
| Literature - Poetry | 0 | 3 | 0 | 0 | 30 | 87 | 108.67 | 1 | 2 | 8.22 | 20.00 |
| Short Fiction and Other | 1 | 1 | 0 | 1 | 25 | 81 | 124.50 | 1 | 1 | 6.76 | 14.29 |
| Fine Arts - Classical Music | 1 | 0 | 0 | 0 | 15 | 59 | 59.00 | 0 | 1 | 5.72 | 8.57 |
| Philosophy | 0 | 1 | 0 | 0 | 10 | 110 | 110.00 | 0 | 0 | 2.47 | 5.71 |
| Science - Biology | 0 | 1 | 0 | 1 | 10 | 131 | 131.00 | 0 | 1 | 0.08 | 2.86 |
| Literature - Drama | 0 | 1 | 1 | 0 | 5 | 119 | 119.00 | 0 | 1 | 3.59 | 8.93 |
| Mythology | 0 | 1 | 1 | 0 | 5 | 109 | 109.00 | 0 | 1 | 4.11 | 8.16 |
| Social Science | 0 | 1 | 1 | 0 | 5 | 81 | 81.00 | 0 | 1 | 2.84 | 5.71 |
| Science - Other | 0 | 0 | 0 | 0 | 0 | 0.00 | 0 | 0 | 0.00 | 0.00 | |
| Science - Physics | 0 | 0 | 0 | 0 | 0 | 0.00 | 0 | 0 | 0.00 | 0.00 | |
| Fine Arts - Painting and Sculpture | 0 | 0 | 1 | 0 | -5 | 0.00 | 0 | 0 | 0.00 | 0.00 | |
| Religion | 0 | 0 | 1 | 0 | -5 | 0.00 | 0 | 0 | 0.00 | 0.00 |